000 00317nam a2200133Ia 4500
008 231129s1984||||xx |||||||||||||| ||spa||
040 _bspa
082 _aU813 B457ch
100 _aBenchley Peter
245 0 _aLa chica del mar de Cortés
260 _c1984
264 _aCí­rculo de Lectores
942 _2ddc
_cBKS
999 _c16609
_d16609